Starí Gréci by sa potešili personálne bibliografie z tvorivej dielne prešovskej ŠVK

Bibliographic Details
Main Author: Jackanin, Ivan, 1950- (Author)
Format: Article
Language:Slovak
PhysicalDescription:Fotogr.
ISSN:1336-4030
Subjects:
Online Access:www.vecernik.po.sk

MARC

LEADER 00000nab a2200000 a 4500
001 vtls008423126
003 SK-MaSNL
005 20260304215939.0
008 060111c20051222xo dr n 000 00slo
015 |a SNBRB2005/12SVKPO 
038 |a SVKPOCL 
040 |a SVKPOCL  |b slo  |c SVKPO  |e AACR2 
041 0 |a slo 
044 |a xo  |c SK 
080 |a 027.54  |2 UDC-MRF-SK2 
080 |a 016  |2 UDC-MRF-SK2 
100 1 |a Jackanin, Ivan,  |d 1950-  |4 aut  |9 103637 
245 1 0 |a Starí Gréci by sa potešili  |b personálne bibliografie z tvorivej dielne prešovskej ŠVK  |c Ivan Jackanin 
300 |a Fotogr. 
600 1 7 |a Lazorík, Fedor,  |d 1913-1969  |2 SNKMA  |9 186768 
600 1 7 |a Roman, Michal,  |d 1930-  |2 SNKMA  |9 90937 
610 2 7 |a Štátna vedecká knižnica v Prešove  |2 snkbucl  |9 252340 
650 0 7 |a personálne bibliografie  |2 svkpocl  |9 465753 
651 7 |a Prešov (Slovensko)  |2 svkpocl  |9 17347 
773 0 |t Prešovský večerník  |g Roč. XVI, č. 3863 (22.12.2005), s. 5  |x 1336-4030 
852 |a SVKPO  |b KIS3GCP 
856 4 1 |u www.vecernik.po.sk 
958 |a BX 
958 |a PB 
999 |c 3149021  |d 3150951